Finlandia : guía básica para descubrir el país /
Salvato in:
| Autori principali: | , |
|---|---|
| Natura: | Elettronico eBook |
| Lingua: | spagnolo |
| Pubblicazione: |
[Barcelona, España] :
Ecos Producciones Periodísticas SCP,
[2013]
|
| Edizione: | Segunda edición digital. |
| Serie: | Guías ecos.
|
| Soggetti: | |
| Accesso online: | Digitalia Hispánica |
| Tags: |
Aggiungi Tag
Nessun Tag, puoi essere il primo ad aggiungerne!!
|
MARC
| LEADER | 00000nam a2200000Ii 4500 | ||
|---|---|---|---|
| 001 | DIGECOS0049 | ||
| 003 | NyNyDIG | ||
| 008 | 230116s2013 sp ab o 000 0 spa d | ||
| 006 | m o d | ||
| 007 | cr ||||||||||| | ||
| 035 | |a (OCoLC)1367360960 | ||
| 040 | |a DGITA |b eng |e rda |e pn |c DGITA | ||
| 020 | |a 9788415491057 |q eBook | ||
| 020 | |z 9788415479734 | ||
| 043 | |a e-fi--- | ||
| 050 | 1 | 4 | |a DL1017 ebook |
| 100 | 1 | |a Halonen, Jukka-Paco, |e author. | |
| 245 | 1 | 0 | |a Finlandia : |b guía básica para descubrir el país / |c textos, Jukka-Paco Halonen y César Barba. |
| 250 | |a Segunda edición digital. | ||
| 264 | 1 | |a [Barcelona, España] : |b Ecos Producciones Periodísticas SCP, |c [2013] | |
| 300 | |a 1 online resource : |b illustrations, maps. | ||
| 336 | |a text |b txt |2 rdacontent | ||
| 337 | |a computer |b c |2 rdamedia | ||
| 338 | |a online resource |b cr |2 rdacarrier | ||
| 347 | |a text file |2 rdaft | ||
| 347 | |b EPUB | ||
| 500 | |a "Edición 2014"--Cover. | ||
| 588 | 0 | |a Online resource; title from ePub title page (Digitalia, viewed January 16, 2023) | |
| 651 | 0 | |a Finland |v Guidebooks. | |
| 651 | 0 | |a Finland |x Description and travel. | |
| 700 | 1 | |a Barba Villarraza, César, |e author. | |
| 791 | 2 | |a Digitalia (Firm), |e distributor. | |
| 793 | 0 | |g Digitalia eBook Collection: |a Ecos Travel Books | |
| 776 | 0 | 8 | |i Print version: |a Halonen, Jukka-Paco. |t Finlandia. |d [Barcelona, España] : Ecos Producciones Periodísticas SCP, [2013] |z 9788415479734 |
| 830 | 0 | |a Guías ecos. | |
| 856 | 4 | 0 | |3 Digitalia Hispánica |u https://digitalia.unach.elogim.com/a/35609/ |
| 910 | |a Premium collection: 2023 | ||